000
00171nam a2200073Ia 4500
008
170524s9999 xx 000 0 und d
100
_a
LALL- MADHURIMA
245
0
_a
ENTREPRENURSHIP
260
_b
EXCEL BOOKS
999
_c
8166
_d
8166